Najpopularniejsze Piosenki Travisa Scotta - Statystyki

Ogólne statystyki
  • Ten quiz został rozwiązany 249 razy
  • Średni wynik to 9 z 15
Statystyki odpowiedzi
Miejsce Album Wyświetlenia Odpowiedź % Poprawnych
2. ASTROWORLD 2.125 mld SICKO MODE
96%
1. Birds In The Trap Sing McKnight 2.376 mld goosebumps
90%
4. ASTROWORLD 1.371 mld BUTTERFLY EFFECT
79%
12. Utopia 625 mln FE!N
78%
3. Singiel 1.612 mld HIGHEST IN THE ROOM
78%
9. JACKBOYS 706 mln OUT WEST
75%
14. Rodeo 556 mln 90210
67%
10. Rodeo 690 mln Antidote
65%
7. ASTROWORLD 737 mln STARGAZING
62%
15. Utopia 514 mln I KNOW ?
61%
8. Birds In The Trap Sing McKnight 717 mln pick up the phone
54%
13. ASTROWORLD 596 mln CAN'T SAY
51%
5. Singiel 787 mln THE SCOTTS
40%
11. ASTROWORLD 644 mln YOSEMITE
39%
6. Singiel 763 mln Goosebumps - Remix
4%
Nie znaleziono quizów pasujących do podanych kryteriów
Rozkład punktacji
Procent ludzi z każdym wynikiem
Percentyl według liczby udzielonych odpowiedzi
Twoja historia wyników
Nie rozwiązałeś tego quizu